| 000 | 00538nam a22002177a 4500 | ||
|---|---|---|---|
| 999 |
_c36160 _d36160 |
||
| 003 | OSt | ||
| 005 | 20230705111059.0 | ||
| 008 | 230705b ||||| |||| 00| 0 spa d | ||
| 020 | _a950-12-0212-7 | ||
| 040 | _cBiblioteca Ernesto Sábato | ||
| 092 |
_a108 _bC997 _eBDGR |
||
| 100 | _aCyrulnik, Boris | ||
| 245 | _aDiálogo sobre la naturaleza humana | ||
| 250 | _a1a. ed. | ||
| 260 |
_aBuenos Aires _bPaidós _c2006 |
||
| 300 | _a62 p. | ||
| 440 | _aAsterisco | ||
| 650 | _aFILOSOFIA | ||
| 700 | _aEdgar Morin | ||
| 942 |
_2ddc _cBDGR |
||